000 00491nam a2200181Ia 4500
008 151121s9999||||xx |||||||||||||| ||und||
082 _a811/काणेक
082 _bHNW-12408
100 _aकाणेकर अनंत
245 _aचांदरात
260 _c--
300 _a96
600 _aकाणेकर अनंत
630 _aचांदरात
700 _aकाणेकर अनंत
730 _aचांदरात
942 _cBOOK
999 _c1216871
_d1216868